000 01033nam a2200313 i 4500
001 12593
003 ES-MaACL
005 20260209164537.0
007 t|
008 950124s1993 sp ||||0| spa j
020 _a84-88344-06-6
080 _a908(4)"18"
080 _a908(6)"18"
080 _a908(7)"18"
100 1 _aSarmiento, Domingo Faustino,
_d1811-1888
_9103825
245 1 0 _aViajes por Europa, Africa i América
_b: 1845-1847 /
_cDomingo Faustino Sarmiento.
250 _aEd. crítica
_bJavier Fernández, coordinador, 1ª ed.
260 _a[Madrid] :
_bALLCA XX,
_c1993.
300 _aXXIX, 1108 p ;
_c25 cm.
490 1 _aColección Archivos ;
_v27
504 _aBibliografía.
651 4 _aEuropa-
_xDescripción-
_yS.XIX.
_98595
651 4 _aÁfrica-
_xDescripción-
_yS.XIX
_97594
651 4 _aEstados Unidos-
_xDescripción-
_yS.XIX
_98539
700 1 _aFernández, Javier.
_949377
830 0 _aColección Archivos ;
_v27
_9178295
852 _aES-MaACL
_jL-19857
999 _c12593
_d12593